000 00616nam a2200241Ia 4500
003 OSt
005 20221005080747.0
006 a|||||r|||| 00| 0
007 ta
008 221004b |||||||| |||| 00| 0 eng d
024 _a54771
037 _cTextual
040 _aCRL
_cCRL
_beng
041 _2eng
_aeng
082 _aV2y7N16, M4
100 _aRam Parkash
_9610618
245 0 _aGiani Zail Singh
_b Life and work
260 _aNew Delhi
_bPanchsheel
_c1984
300 _a303p.
_ccm.
650 _aHISTORY
942 _hV2y7N16, M4
_cTEXL
_2cc
999 _c986672
_d986672